000 01105nam a2200289 i 4500
001 bg
003 KOSZ 005
005 20200630132823.0
008 080516s1965 pl a f 001 0 pol
015 _aPB 1965/1509
040 _aWA N
_cKOSZ 005/RW
_dKOSZ 005/RW
041 1 _apol
_heng
080 _a546
100 1 _aDurrant, Philip John.
245 1 0 _aZarys współczesnej chemii nieorganicznej /
_cPhilip John Durrant, Beryl Durrant ; [z ang. przeł. Michał Balasiewicz et al.].
246 1 _iTyt. oryg.:
_aIntroduction to advanced inorganic chemistry
260 _aWarszawa :
_bPaństwowe Wydawnictwo Naukowe,
_c1965.
300 _a1331, [1] s., [8] k. tabl. :
_bil., err. ;
_c25 cm.
380 _aKsiążki.
504 _aBibliogr. s. 1310-[1312]. Indeks.
650 4 _aChemia nieorganiczna
700 1 _aDurrant, Beryl.
700 1 _aBalasiewicz, Michał.
_eTłumaczenie
710 2 _aPaństwowe Wydawnictwo Naukowe
_4pbl.
856 _uhttp://koha.tu.koszalin.pl/cgi-bin/koha/opac-detail.pl?biblionumber=11225
_yKatalog online BPK
942 _2UKD
_cKS
999 _c11225
_d11225